000 005780000a22001810004500
003 MACL
005 20160422125808.0
008 160422b xxu||||| |||| 00| 0 eng d
040 _aMACL
_cMACL
041 _aHindi
082 _a340
100 _aजोशी ए. एस
_953330
245 _aसंविधान के अन्‍तर्गत
_bहतारे मौलिक अधिकार
260 _bलवकुश सिंह
_c2010
_aनई दिल्‍ली
350 _a195
650 _aअधिकार
_953331
942 _cHIN
_k340/JOS
_2ddc
999 _c44954
_d44954